| 000 | 00425cam a22001575a 4500 | ||
|---|---|---|---|
| 001 | L138685 | ||
| 008 | 070703s2006 xxk f 000 0 eng d | ||
| 020 | _a3898887995 | ||
| 035 | _a(Sirsi) u138685 | ||
| 041 | 0 | _aeng | |
| 110 | 2 |
_aInternational Association of Geodesy _9445 |
|
| 245 | 0 | 0 | _aReport on the symposium of the IAG sub-commission for Europe (EUREF) |
| 260 | _c2006 | ||
| 651 | 4 | _aENGLAND AND WALES | |
| 942 | _n0 | ||
| 999 |
_c107228 _d107228 |
||